000 00272nam a2200133Ia 4500
008 231017s9999 xx 000 0 und d
082 _a658.054
082 _bCAM
245 0 _aTempro planning data
245 0 _cWSP
260 _bWSP
300 _c30cm
942 _cREP
999 _c606643
_d606643